| 000 | 00733nam a2200217 i 4500 | ||
|---|---|---|---|
| 001 | 107938 | ||
| 003 | ES-MaACL | ||
| 005 | 20250829080500.0 | ||
| 007 | t| | ||
| 008 | 061228s1969 sp ||||1| spa d | ||
| 080 | _a86-221"19" | ||
| 100 | 1 |
_aJardiel Poncela, Enrique. _966113 |
|
| 245 | 1 | 0 |
_aEloisa está debajo de un almendro / _cEnrique Jardiel Poncela; prólogo de Alfredo Marquerie. |
| 260 |
_aMadrid : _bSalvat, _c1969. |
||
| 300 |
_a172 p., 1 h. ; _c19 cm. |
||
| 490 | 1 |
_aBiblioteca básica Salvat de Libros RTV ; _v13 |
|
| 700 | 1 |
_aMarquerie, Alfredo, _d1907-1974 _976973 |
|
| 830 | 0 | 0 |
_aBiblioteca básica Salvat de libros RTV _v13 _9185398 |
| 852 |
_aES-MaACL _jE-2934 _bR.69765 |
||
| 999 |
_c107938 _d107938 |
||